|
|
|
|
| LEADER |
01114nam a2200277 a 4500 |
| 001 |
13949958 |
| 008 |
091121s2006 ohua b 001 0 eng d |
| 010 |
|
|
|a \\2005926900
|
| 020 |
|
|
|a 0324259719 (package : pbk.)
|
| 020 |
|
|
|a 0534274943 (Infotrac college ed. access code card)
|
| 040 |
|
|
|a DLC
|c DLC
|d DLC
|
| 082 |
0 |
0 |
|a 337
|2 22
|
| 100 |
1 |
|
|a Kreinin, Mordechai Elihau,
|d 1930-
|
| 245 |
1 |
0 |
|a International economics :
|b a policy approach /
|c Mordechai E. Kreinin.
|
| 250 |
|
|
|a 10th ed.
|
| 260 |
|
|
|a Mason, OH :
|b Thomson South-Western ;
|c c2006.
|
| 300 |
|
|
|a xx, 363 p. :
|b ill. ;
|c 24 cm.
|
| 500 |
|
|
|a Includes passcode to InfoTrac College Edition, the Online Library (www.infotrac-college.com).
|
| 504 |
|
|
|a Includes bibliographical references and index.
|
| 541 |
1 |
|
|e 00015635
|
| 650 |
|
0 |
|a International economic relations.
|
| 650 |
|
0 |
|a Commerce.
|
| 650 |
|
0 |
|a Commercial policy.
|
| 852 |
4 |
|
|a Ayesha Abed Library
|j General shelf
|
| 999 |
|
|
|c 5661
|d 5661
|
| 952 |
|
|
|0 0
|1 0
|2 ddc
|4 0
|6 337_KRE_200600000000000
|7 0
|9 5581
|a BRACUL
|b BRACUL
|c GEN
|d 2009-11-21
|l 1
|m 4
|o 337 KRE
|p 3010015635
|r 2011-01-13
|s 2010-06-09
|t 1
|w 2009-11-21
|y BK
|